Los poetas franciscanos en Italia en el siglo XIII
Kaydedildi:
| Yazar: | |
|---|---|
| Materyal Türü: | Kitap |
| Dil: | İspanyolca |
| Baskı/Yayın Bilgisi: |
Buenos Aires
Espasa-Calpe
1949
|
| Edisyon: | 2a. ed |
| Seri Bilgileri: | Colección Austral, 888
|
| Konular: | |
| Etiketler: |
Etiketle
Etiket eklenmemiş, İlk siz ekleyin!
|
MARC
| LEADER | 00000cam a2200000 a 4500 | ||
|---|---|---|---|
| 001 | UCY7492 | ||
| 003 | CL-VaPUC | ||
| 008 | 950614e19490000AG |||||||||||||||||spa|d | ||
| 082 | 0 | 4 | |a 851.09 |b OZA |2 21 |
| 100 | 0 | |a Ozanam, Antonio Federico |e author |9 338025 | |
| 245 | 1 | 4 | |a Los poetas franciscanos en Italia en el siglo XIII |
| 250 | |a 2a. ed | ||
| 300 | |a 172 p | ||
| 942 | |c BK | ||
| 945 | |d 19950614 00:00:00 |a rbrito | ||
| 260 | |a Buenos Aires |b Espasa-Calpe |c 1949 | ||
| 650 | 7 | |a POESIA ITALIANA |2 CL-VaPUC |9 336930 | |
| 650 | 0 | |a Crítica literaria |9 269189 | |
| 650 | 7 | |a LITERATURA ITALIANA SIGLO 13 |2 CL-VaPUC |9 338026 | |
| 583 | |a last modification |c 20160810 04:57:35 |k Rodrigo Vera | ||
| 490 | 0 | |a Colección Austral, 888 | |
| 999 | |c 234862 |d 234860 | ||
| 952 | |0 0 |1 0 |4 0 |6 851_090000000000000_OZA_1949 |7 0 |8 A |9 241621 |a BIBART |b BIBART |d 2019-11-18 |i 200612K |o 851.09 OZA 1949 |p 200612K |r 2025-03-13 |w 2019-11-18 |y BK |k ART | ||
| 952 | |0 0 |1 0 |3 erb |4 0 |6 851_090000000000000_OZA_1949 |7 0 |8 A |9 241622 |a FDOHBE |b FDOHBE |e Huesbe Llanos, Marco Antonio, 1934- |i 5306558 |o 851.09 OZA 1949 |p 5306558 |r 2024-01-30 |w 2019-11-18 |y BK |z Catalogado en:20160708 |k HBE | ||